[Event "Montreal op Rapid"]
[Site "Chess.com"]
[Date "2021.06.12"]
[Round "7"]
[White "Jain, Ankita"]
[Black "Garg, Shlok"]
[Result "0-1"]
[WhiteElo "1281"]
[BlackElo "1222"]
[PlyCount "126"]
[EventDate "2021.06.12"]
[EventType "swiss (rapid)"]
[EventRounds "7"]
[EventCountry "CAN"]

1. e4 e6 2. Nf3 d5 3. exd5 exd5 4. d4 Bd6 5. Nc3 Ne7 6. Be3 c6 7. Bd3 Bf5 8.
O-O Bxd3 9. Qxd3 O-O 10. Ng5 Ng6 11. Nf3 Nd7 12. Ne2 Nf6 13. Bg5 h6 14. Bxf6
Qxf6 15. Ng3 Rfe8 16. Rfe1 Nf4 17. Qf5 Qxf5 18. Nxf5 Bc7 19. g3 Ng6 20. c3 Kf8
21. Kf1 Rad8 22. Re3 Rxe3 23. Nxe3 Re8 24. Re1 a5 25. Nd2 b6 26. Nf5 Re6 27.
Rxe6 fxe6 28. Ne3 Ke7 29. Ke2 Kf6 30. Kf3 e5 31. Nc2 e4+ 32. Ke2 Ne7 33. Ne3 g6
34. Ng4+ Kg5 35. Ne3 h5 36. f3 exf3+ 37. Nxf3+ Kf6 38. Kf2 g5 39. g4 h4 40. Kg2
Bf4 41. Kf2 c5 42. dxc5 bxc5 43. Ng2 Bc1 44. b3 Bb2 45. c4 dxc4 46. bxc4 Nc6
47. Ne3 Bd4 48. Nxd4 Nxd4 49. Nd5+ Ke5 50. Nc3 Nc2 51. Nd1 Kd4 52. Nb2 Ne3 53.
Na4 Nxg4+ 54. Kf3 Ne5+ 55. Kg2 Nxc4 56. Kh3 Ne3 57. Nb6 c4 58. Nxc4 Kxc4 59. a4
Nf1 60. Kg4 Nxh2+ 61. Kxg5 Kb4 62. Kxh4 Kxa4 63. Kh3 Kb3 0-1

[Event "Montreal op Rapid"]
[Site "Chess.com"]
[Date "2021.06.12"]
[Round "7"]
[White "Laplante, Ethan"]
[Black "Heran-Boily, Samuel"]
[Result "0-1"]
[WhiteElo "1397"]
[BlackElo "1760"]
[PlyCount "110"]
[EventDate "2021.06.12"]
[EventType "swiss (rapid)"]
[EventRounds "7"]
[EventCountry "CAN"]

1. e4 e6 2. d4 d5 3. Nc3 Bb4 4. a3 Bxc3+ 5. bxc3 dxe4 6. Qg4 Nf6 7. Qxg7 Rg8 8.
Qh6 Rg6 9. Qh4 b6 10. Bg5 Bb7 11. Ne2 h6 12. Bxh6 Nbd7 13. Nf4 Rg4 14. Qh3 Qe7
15. Be2 Rg8 16. Qe3 O-O-O 17. g3 Rh8 18. Bg5 Rdg8 19. Bxf6 Nxf6 20. a4 a5 21.
h4 e5 22. Nh3 Nd5 23. Qxe4 Nxc3 24. Qf5+ Kb8 25. Rf1 exd4 26. Nf4 Bf3 27. Qd3
Bxe2 28. Nxe2 Re8 29. Kd2 Qxe2+ 30. Qxe2 Rxe2+ 31. Kd3 Rhe8 32. Kxd4 Ne4 33.
Rfe1 Nxf2 34. Rxe2 Rxe2 35. c3 Re4+ 36. Kd5 Rg4 37. Rf1 Nd3 38. Rxf7 Rxg3 39.
Kd4 Nc5 40. Rh7 Nxa4 41. Rh8+ Kb7 42. h5 Nxc3 43. h6 Nb5+ 44. Kc4 Nd6+ 45. Kd5
Rg5+ 46. Ke6 Rh5 47. Kf6 a4 48. Kg7 a3 49. h7 a2 50. Rb8+ Kxb8 51. h8=Q+ Rxh8
52. Kxh8 a1=Q+ 53. Kg8 Qf6 54. Kh7 Nf5 55. Kg8 Qg7# 0-1

[Event "Montreal op Rapid"]
[Site "Chess.com"]
[Date "2021.06.12"]
[Round "7"]
[White "Sandhu, Manraj Singh"]
[Black "Rousskikh, Maxim"]
[Result "0-1"]
[WhiteElo "419"]
[BlackElo "977"]
[PlyCount "64"]
[EventDate "2021.06.12"]
[EventType "swiss (rapid)"]
[EventRounds "7"]
[EventCountry "CAN"]

1. e4 e5 2. Nc3 Nc6 3. Bc4 Nf6 4. a3 a5 5. f4 exf4 6. Nf3 Bc5 7. d4 Bb6 8. e5
Ng4 9. Na4 Ba7 10. Bxf4 O-O 11. O-O d6 12. exd6 cxd6 13. Kh1 Nf6 14. Bg5 d5 15.
Ba2 Qd6 16. Nc3 Ne4 17. Nxe4 dxe4 18. Ne5 Nxe5 19. Bf4 Qxd4 20. Bxe5 Qxe5 21.
c3 Be6 22. Bxe6 Qxe6 23. Qc2 e3 24. Rae1 Rfe8 25. Rf3 Rad8 26. Rh3 h6 27. Rg3
Qf6 28. b4 axb4 29. cxb4 Qf2 30. Qc1 Rc8 31. Qa1 f6 32. Qa2+ Qxa2 0-1

[Event "Montreal op Rapid"]
[Site "Chess.com"]
[Date "2021.06.12"]
[Round "7"]
[White "Sonis, Francesco"]
[Black "Tanaka, Tyler"]
[Result "0-1"]
[WhiteElo "2445"]
[BlackElo "2112"]
[PlyCount "156"]
[EventDate "2021.06.12"]
[EventType "swiss (rapid)"]
[EventRounds "7"]
[EventCountry "CAN"]

1. d4 d5 2. c4 dxc4 3. Nf3 Nf6 4. e3 Bg4 5. h3 Bh5 6. Bxc4 e6 7. Nbd2 a6 8. Qb3
Qc8 9. O-O Nbd7 10. Ne5 Bd6 11. Ndf3 O-O 12. Qc2 c5 13. Nxd7 Qxd7 14. Rd1 cxd4
15. Rxd4 Qe7 16. Be2 Rac8 17. Qd1 Bc5 18. Rd2 Rfd8 19. a3 Ne4 20. Rxd8+ Rxd8
21. Qc2 Bg6 22. Ne5 Qf6 23. Ng4 Qe7 24. Ne5 Qf6 25. Nf3 h6 26. Bd3 Ng5 27. Bxg6
Nxf3+ 28. gxf3 fxg6 29. f4 Qf5 30. Qxf5 gxf5 31. b4 Rd1+ 32. Kg2 Be7 33. Bb2
Rxa1 34. Bxa1 b5 35. f3 Kf7 36. e4 g6 37. Kf2 Ke8 38. Ke3 Kd7 39. Be5 Kc6 40.
Kd4 Bd8 41. Bg7 h5 42. Ke5 Kd7 43. Bf8 Bc7+ 44. Kf6 fxe4 45. fxe4 Bxf4 46. Kxg6
h4 47. Kh5 Bc1 48. Kxh4 Bxa3 49. Kg4 a5 50. Kf3 Ke8 51. Bc5 a4 52. Ke3 Bc1+ 53.
Kd3 a3 54. Kc2 Bb2 55. Kb3 Kf7 56. Bf2 Kf6 57. Bg3 Kg5 58. Ka2 Bc1 59. Ka1 Bd2
60. Bd6 Kh4 61. Ka2 Bc1 62. Kb1 Bb2 63. Ka2 Kxh3 64. Kb3 Kg4 65. e5 Kf5 66. Bf8
Kxe5 67. Kc2 Kd5 68. Bh6 Kc4 69. Bd2 e5 70. Be1 e4 71. Bd2 Bd4 72. Kb1 Kb3 73.
Kc1 a2 74. Kd1 a1=Q+ 75. Bc1 Qxc1+ 76. Ke2 Qe3+ 77. Kd1 Qf2 78. Kc1 Qc2# 0-1

[Event "Montreal op Rapid"]
[Site "Chess.com"]
[Date "2021.06.12"]
[Round "7"]
[White "Sze, Jaylen"]
[Black "Adam, Rafael"]
[Result "0-1"]
[WhiteElo "1442"]
[BlackElo "1835"]
[PlyCount "116"]
[EventDate "2021.06.12"]
[EventType "swiss (rapid)"]
[EventRounds "7"]
[EventCountry "CAN"]

1. e4 e5 2. Nc3 Nf6 3. f4 exf4 4. e5 Ng8 5. Nf3 d6 6. d4 dxe5 7. Qe2 Nd7 8.
dxe5 Be7 9. Bxf4 Nc5 10. Qf2 Ne6 11. Bg3 Nh6 12. Bd3 O-O 13. O-O-O Bd7 14. h3
Bc6 15. Bxh7+ Kxh7 16. Rxd8 Raxd8 17. Rd1 Rxd1+ 18. Nxd1 Nf5 19. Ne3 Nxg3 20.
Qxg3 Be4 21. Nd2 Bc6 22. Nf5 Bg5 23. h4 Bf4 24. Qg4 Rd8 25. Qh5+ Kg8 26. Qg4
Rxd2 27. Kb1 Rxg2 28. Qd1 Be4 29. Nd4 Nxd4 30. Qxd4 Bxc2+ 31. Ka1 Bxe5 32. Qd8+
Kh7 33. a3 Bb3 34. Qd3+ g6 35. Qxb3 Rxb2 36. Qxf7+ Bg7 37. Qxg7+ Kxg7 38. Kxb2
Kh6 39. Kc3 Kh5 40. Kd4 Kxh4 41. Kd5 g5 42. Ke4 Kh3 43. Kf3 g4+ 44. Kf2 Kh2 45.
Ke3 g3 46. a4 g2 47. a5 g1=Q+ 48. Ke4 Qf2 49. a6 bxa6 50. Kd3 Qf4 51. Ke2 Qg3
52. Kd2 Qb3 53. Ke2 Qc3 54. Kf2 Qd3 55. Ke1 Qc2 56. Kf1 Kg3 57. Ke1 Kf3 58. Kf1
Qb1# 0-1

[Event "Montreal op Rapid"]
[Site "Chess.com"]
[Date "2021.06.12"]
[Round "7"]
[White "Turcotte, Jonathan"]
[Black "Harsha, Bharathakoti"]
[Result "0-1"]
[WhiteElo "1930"]
[BlackElo "2484"]
[PlyCount "78"]
[EventDate "2021.06.12"]
[EventType "swiss (rapid)"]
[EventRounds "7"]
[EventCountry "CAN"]

1. d4 Nf6 2. c4 e6 3. Nf3 d5 4. Nc3 Bb4 5. cxd5 exd5 6. Bg5 h6 7. Bh4 Bf5 8. e3
Nbd7 9. Be2 c6 10. Qb3 Qb6 11. O-O Bd6 12. Bg3 Bxg3 13. hxg3 O-O 14. Qxb6 axb6
15. a4 Ra7 16. Ra3 Rfa8 17. Rfa1 Kf8 18. Nd2 h5 19. f3 g6 20. Kf2 Be6 21. Nb3
Ne8 22. Bd3 Nd6 23. Nd2 Bf5 24. e4 dxe4 25. fxe4 Bg4 26. Nc4 Nxc4 27. Bxc4 Kg7
28. Rf1 b5 29. axb5 Rxa3 30. bxa3 Rxa3 31. bxc6 bxc6 32. Rc1 c5 33. d5 Ne5 34.
Nb5 Ra4 35. Bf1 c4 36. Nd6 Nd3+ 37. Bxd3 cxd3 38. Ke3 Ra2 39. Rg1 d2 0-1

[Event "Outaouais-ch"]
[Site "Gatineau CAN"]
[Date "2021.09.08"]
[Round "1"]
[White "Desjardins, Michel"]
[Black "Dupont-Mageau, Nicolas"]
[Result "0-1"]
[WhiteElo "1918"]
[BlackElo "1975"]
[PlyCount "82"]
[EventDate "2021.09.08"]
[EventType "tourn"]
[EventRounds "7"]
[EventCountry "CAN"]

1. b4 e6 2. a3 b6 3. Bb2 Nf6 4. Nf3 Bb7 5. g3 c5 6. bxc5 Bxc5 7. Bg2 O-O 8. O-O
d5 9. e3 Nbd7 10. Re1 Qc7 11. d3 Bd6 12. Nbd2 Ng4 13. Nd4 Nge5 14. Nb5 Qc5 15.
a4 Qc6 16. Nxd6 Qxd6 17. Ba3 Qc7 18. Bxf8 Rxf8 19. f4 Ng6 20. c4 Nc5 21. Qc2
dxc4 22. Nxc4 Ba6 23. d4 Nd7 24. Na3 Qb8 25. Rec1 Rc8 26. Qd2 Rd8 27. Qb4 Nf6
28. Nb5 h5 29. Rc2 Ng4 30. Qa3 Bb7 31. h3 Nf6 32. Rac1 Bxg2 33. Rxg2 Qb7 34.
Rc7 Qf3 35. Rxa7 Nd5 36. e4 Ne3 37. Qa2 Qd1+ 38. Kh2 Nf1+ 39. Kg1 Nd2+ 40. Kf2
Qf3+ 41. Kg1 Qf1+ 0-1

[Event "Outaouais-ch"]
[Site "Gatineau CAN"]
[Date "2021.09.08"]
[Round "1"]
[White "Fang, Zhou"]
[Black "Masse-Garneau, Anthony"]
[Result "1/2-1/2"]
[WhiteElo "2121"]
[BlackElo "1903"]
[PlyCount "102"]
[EventDate "2021.09.08"]
[EventType "tourn"]
[EventRounds "7"]
[EventCountry "CAN"]

1. e4 c5 2. Nf3 e6 3. d4 cxd4 4. Nxd4 Nc6 5. Nc3 a6 6. Nxc6 bxc6 7. Bd3 Qc7 8.
O-O Nf6 9. f4 d6 10. Kh1 Be7 11. Qe2 e5 12. fxe5 dxe5 13. h3 h5 14. Qf2 Be6 15.
Be3 h4 16. Bg5 Ng8 17. Bxe7 Nxe7 18. Na4 Ng6 19. Nc5 Bc8 20. Bc4 Nf4 21. Nd3
Be6 22. Bxe6 Nxe6 23. Qf5 Nd4 24. Qxe5+ Qxe5 25. Nxe5 f6 26. Nf3 O-O-O 27. Nxd4
Rxd4 28. Rf4 Kd7 29. Raf1 Ke6 30. c3 Rd2 31. R4f2 Rxf2 32. Rxf2 Ke5 33. Rf5+
Kxe4 34. Rc5 Rc8 35. Rc4+ Kd3 36. Rxh4 Rb8 37. Ra4 Rb6 38. c4 c5 39. b3 Kd4 40.
Ra5 Rc6 41. Kh2 g6 42. h4 Re6 43. g4 f5 44. gxf5 gxf5 45. Kg3 Ke3 46. Kg2 f4
47. Kf1 Kf3 48. h5 Kg3 49. b4 cxb4 50. Rg5+ Kf3 51. c5 a5 1/2-1/2

[Event "Outaouais-ch"]
[Site "Gatineau CAN"]
[Date "2021.09.08"]
[Round "1"]
[White "Latreille, Etienne"]
[Black "Azar, Sebastien"]
[Result "0-1"]
[WhiteElo "2187"]
[BlackElo "2263"]
[PlyCount "94"]
[EventDate "2021.09.08"]
[EventType "tourn"]
[EventRounds "7"]
[EventCountry "CAN"]

1. e4 e6 2. d4 d5 3. Nd2 dxe4 4. Nxe4 Nd7 5. Nf3 Ngf6 6. Nxf6+ Nxf6 7. Bc4 Bd6
8. c3 h6 9. Qe2 c6 10. O-O O-O 11. Ne5 Qc7 12. f4 b5 13. Bb3 a5 14. a3 c5 15.
Be3 c4 16. Ba2 Bb7 17. a4 Be4 18. axb5 Bxe5 19. fxe5 Bd3 20. Qe1 Nd5 21. Rf3
Rab8 22. Bc1 Qd7 23. Qg3 Kh7 24. Rxd3 cxd3 25. Qxd3+ Kg8 26. Bb1 f5 27. Rxa5
Qd8 28. Ra6 Nc7 29. Rd6 Qe8 30. c4 Rc8 31. b6 Nb5 32. Bf4 Nxd6 33. exd6 Qc6 34.
c5 Qd5 35. Bc2 Rf6 36. Bb3 Qc6 37. Bc4 Rg6 38. Bg3 Qa4 39. Qe2 Kf7 40. Be5 h5
41. b3 Qc6 42. Qf1 Qe4 43. Bd3 Qe3+ 44. Kh1 Ra8 45. d7 Qxd3 46. Qg1 Qe4 47.
d8=Q Qxg2+ 0-1

[Event "Outaouais-ch"]
[Site "Gatineau CAN"]
[Date "2021.09.08"]
[Round "1"]
[White "Medeiros, Joshua"]
[Black "Arsenault, Michel"]
[Result "0-1"]
[WhiteElo "1884"]
[BlackElo "1881"]
[PlyCount "64"]
[EventDate "2021.09.08"]
[EventType "tourn"]
[EventRounds "7"]
[EventCountry "CAN"]

1. e4 c5 2. Nf3 d6 3. d4 cxd4 4. Nxd4 Nf6 5. Nc3 e6 6. g4 h6 7. h4 Nc6 8. g5
hxg5 9. Bxg5 a6 10. Qd2 Qb6 11. Nb3 Bd7 12. Be2 Nh5 13. Be3 Qc7 14. Na4 b5 15.
Nb6 Rd8 16. O-O-O Ne5 17. Qa5 Bc6 18. Qxa6 Bxe4 19. Bxb5+ Ke7 20. Nd4 Qb7 21.
Qa3 Bxh1 22. Rxh1 Qxh1+ 23. Kd2 Qb7 24. Ba6 Qc7 25. Qa5 Nf6 26. Bg5 Qc5 27.
Nf5+ exf5 28. Nd5+ Ke6 29. Nc7+ Kd7 30. Bb5+ Kc8 31. Be3 Nc4+ 32. Kc1 Nxa5 0-1

[Event "Outaouais-ch"]
[Site "Gatineau CAN"]
[Date "2021.09.15"]
[Round "2"]
[White "Arsenault, Michel"]
[Black "Fang, Zhou"]
[Result "1-0"]
[WhiteElo "1881"]
[BlackElo "2121"]
[PlyCount "67"]
[EventDate "2021.09.08"]
[EventType "tourn"]
[EventRounds "7"]
[EventCountry "CAN"]

1. c4 g6 2. g3 Bg7 3. Nc3 d6 4. Nf3 e5 5. Bg2 Nc6 6. d3 f5 7. Rb1 a5 8. a3 Nf6
9. O-O O-O 10. Ne1 f4 11. gxf4 Nh5 12. fxe5 Bxe5 13. e3 Qh4 14. f4 Bxc3 15.
bxc3 Bg4 16. Nf3 Bxf3 17. Qxf3 Rf5 18. Bh3 Rf7 19. Be6 Raf8 20. Rxb7 Nd8 21.
Bxf7+ Nxf7 22. Qg2 Kh8 23. c5 g5 24. fxg5 Rg8 25. Rxf7 Qe1+ 26. Qf1 Rxg5+ 27.
Kh1 Qh4 28. Rb8+ Rg8 29. Rxg8+ Kxg8 30. Rf8+ Kg7 31. Qf7+ Kh6 32. e4+ Nf4 33.
Bxf4+ Qxf4 34. Qxf4+ 1-0

[Event "Outaouais-ch"]
[Site "Gatineau CAN"]
[Date "2021.09.15"]
[Round "2"]
[White "Desjardins, Michel"]
[Black "Medeiros, Joshua"]
[Result "1-0"]
[WhiteElo "1918"]
[BlackElo "1884"]
[PlyCount "95"]
[EventDate "2021.09.08"]
[EventType "tourn"]
[EventRounds "7"]
[EventCountry "CAN"]

1. b4 e5 2. Bb2 Bxb4 3. Bxe5 Nf6 4. c3 Ba5 5. e3 Nc6 6. Bxf6 Qxf6 7. g3 a6 8.
Bg2 Rb8 9. a4 Ne7 10. Ne2 d5 11. Nf4 c6 12. O-O Qh6 13. d4 g5 14. Nd3 Bh3 15.
Ne5 f5 16. c4 Ng6 17. cxd5 Bxg2 18. Kxg2 Nxe5 19. dxe5 cxd5 20. Qxd5 Qc6 21.
Rd1 Rd8 22. Qxc6+ bxc6 23. Rxd8+ Kxd8 24. Na3 Kc7 25. Nc4 Bc3 26. Ra3 Bb4 27.
Rb3 a5 28. Rd3 Rd8 29. Rxd8 Kxd8 30. f4 Ke7 31. Kf3 g4+ 32. Ke2 Ke6 33. Kd3 Kd5
34. Nd2 c5 35. Nc4 Ke6 36. e4 h6 37. exf5+ Kxf5 38. Ne3+ Ke6 39. Nxg4 h5 40.
Ne3 Be1 41. Ke4 Bf2 42. f5+ Kf7 43. e6+ Kf8 44. f6 h4 45. g4 h3 46. g5 Bg3 47.
g6 Bxh2 48. Nf5 1-0

[Event "Outaouais-ch"]
[Site "Gatineau CAN"]
[Date "2021.09.15"]
[Round "2"]
[White "Dupont-Mageau, Nicolas"]
[Black "Azar, Sebastien"]
[Result "1-0"]
[WhiteElo "1975"]
[BlackElo "2263"]
[PlyCount "121"]
[EventDate "2021.09.08"]
[EventType "tourn"]
[EventRounds "7"]
[EventCountry "CAN"]

1. e4 c6 2. d4 d5 3. e5 Bf5 4. h4 h5 5. Bd3 Bxd3 6. Qxd3 e6 7. Nf3 Qa5+ 8. Bd2
Qa6 9. Qxa6 Nxa6 10. a3 c5 11. O-O Ne7 12. c4 cxd4 13. cxd5 Nxd5 14. Nxd4 Be7
15. Nc3 Nxc3 16. Bxc3 Bxh4 17. f4 g6 18. Nb5 Be7 19. Nd6+ Bxd6 20. exd6 O-O 21.
Bf6 Nc5 22. Rfd1 Nd7 23. Be7 Rfc8 24. Rac1 f6 25. Rc7 Nb6 26. Rxc8+ Rxc8 27. d7
Nxd7 28. Rxd7 Rc4 29. Bxf6 Rxf4 30. Bc3 Ra4 31. Rxb7 Kf8 32. Bb4+ Kg8 33. Re7
Ra6 34. Kh2 g5 35. Bc5 Rc6 36. Bd4 Rc4 37. Bc3 g4 38. Rxa7 h4 39. Re7 Re4 40.
Rg7+ Kf8 41. Rh7 h3 42. gxh3 Re2+ 43. Kg3 gxh3 44. Kxh3 Re4 45. Ra7 Ke8 46. Bf6
Rf4 47. Re7+ Kd8 48. Rxe6+ Kd7 49. Rb6 Rf1 50. a4 Kc7 51. Bd4 Rd1 52. Rb4 Kc6
53. a5 Ra1 54. Bc3 Kc5 55. Rb8 Kc6 56. Rg8 Kb5 57. Ra8 Ra4 58. a6 Kb6 59. Be1
Rf4 60. Kg3 Rf8 61. Rxf8 1-0

[Event "Outaouais-ch"]
[Site "Gatineau CAN"]
[Date "2021.09.15"]
[Round "2"]
[White "Masse-Garneau, Anthony"]
[Black "Latreille, Etienne"]
[Result "0-1"]
[WhiteElo "1903"]
[BlackElo "2187"]
[PlyCount "58"]
[EventDate "2021.09.08"]
[EventType "tourn"]
[EventRounds "7"]
[EventCountry "CAN"]

1. c4 c6 2. Nc3 Nf6 3. Nf3 d5 4. cxd5 cxd5 5. d4 Nc6 6. g3 h6 7. Bg2 Bf5 8. Ne5
e6 9. Qa4 Qb6 10. Qb5 Be7 11. Qxb6 axb6 12. Nb5 O-O 13. Bd2 Nb4 14. Bxb4 Bxb4+
15. Nc3 Ra4 16. O-O Bxc3 17. bxc3 b5 18. Nd3 Rfa8 19. Rab1 Rxa2 20. Rxb5 Rxe2
21. Nb4 Ra3 22. Rc1 Rb3 23. Rxb7 Rbb2 24. Rf1 Ne4 25. Rb8+ Kh7 26. Nc6 Rbc2 27.
Ne7 Nxf2 28. Ra1 Nh3+ 29. Kf1 Rxg2 0-1

[Event "Outaouais-ch"]
[Site "Gatineau CAN"]
[Date "2021.09.22"]
[Round "3"]
[White "Azar, Sebastien"]
[Black "Masse-Garneau, Anthony"]
[Result "1-0"]
[WhiteElo "2263"]
[BlackElo "1903"]
[PlyCount "41"]
[EventDate "2021.09.08"]
[EventType "tourn"]
[EventRounds "7"]
[EventCountry "CAN"]

1. Nf3 Nf6 2. d4 d5 3. c4 e6 4. Nc3 c6 5. e3 Nbd7 6. Qc2 Bd6 7. g4 h6 8. Bd2 a6
9. O-O-O Nxg4 10. Rg1 Nxf2 11. Re1 Qf6 12. Be2 Nh3 13. Rgf1 Qe7 14. e4 dxe4 15.
Qxe4 Ng5 16. Qc2 Nxf3 17. Bxf3 Bxh2 18. d5 cxd5 19. Nxd5 Qd8 20. Rxe6+ fxe6 21.
Bh5+ 1-0

[Event "Outaouais-ch"]
[Site "Gatineau CAN"]
[Date "2021.09.22"]
[Round "3"]
[White "Fang, Zhou"]
[Black "Desjardins, Michel"]
[Result "1-0"]
[WhiteElo "2121"]
[BlackElo "1918"]
[PlyCount "35"]
[EventDate "2021.09.08"]
[EventType "tourn"]
[EventRounds "7"]
[EventCountry "CAN"]

1. e4 b6 2. d4 Bb7 3. Bd3 e6 4. Nf3 Nf6 5. Bg5 h6 6. Bxf6 Qxf6 7. O-O Na6 8. c3
c5 9. d5 e5 10. Na3 Bd6 11. Nc4 Nc7 12. a4 O-O 13. g3 Ba6 14. Nxd6 Bxd3 15.
Qxd3 Qxd6 16. Nd2 Qg6 17. f4 f6 18. d6 1-0

[Event "Outaouais-ch"]
[Site "Gatineau CAN"]
[Date "2021.09.22"]
[Round "3"]
[White "Latreille, Etienne"]
[Black "Arsenault, Michel"]
[Result "1-0"]
[WhiteElo "2187"]
[BlackElo "1881"]
[PlyCount "55"]
[EventDate "2021.09.08"]
[EventType "tourn"]
[EventRounds "7"]
[EventCountry "CAN"]

1. e4 c5 2. Nf3 Nc6 3. Bb5 g6 4. O-O Bg7 5. c3 e5 6. d4 cxd4 7. cxd4 Nxd4 8.
Nxd4 exd4 9. f4 Ne7 10. Nd2 a6 11. Bd3 Nc6 12. Nc4 d6 13. a4 Be6 14. f5 Bxc4
15. Bxc4 Ne5 16. Bd5 Qc7 17. f6 Bf8 18. Qxd4 Qc5 19. Qxc5 dxc5 20. Bxb7 Ra7 21.
Bd5 Bd6 22. b3 O-O 23. Bf4 Rd8 24. Rad1 Rad7 25. h3 h5 26. Rd2 Kh7 27. Be3 Nc6
28. Bxc6 1-0

[Event "Outaouais-ch"]
[Site "Gatineau CAN"]
[Date "2021.09.22"]
[Round "3"]
[White "Medeiros, Joshua"]
[Black "Dupont-Mageau, Nicolas"]
[Result "0-1"]
[WhiteElo "1884"]
[BlackElo "1975"]
[PlyCount "78"]
[EventDate "2021.09.08"]
[EventType "tourn"]
[EventRounds "7"]
[EventCountry "CAN"]

1. d4 Nf6 2. c4 c5 3. d5 d6 4. Nc3 g6 5. e4 Bg7 6. Nf3 O-O 7. Be2 Re8 8. O-O e6
9. Bg5 e5 10. Qd2 Na6 11. h3 Nc7 12. a4 Na6 13. Nh2 Nb4 14. f4 h6 15. Bxf6 Qxf6
16. fxe5 Qxe5 17. Ng4 Bxg4 18. Bxg4 Qd4+ 19. Qxd4 Bxd4+ 20. Kh1 Nc2 21. Rac1
Ne3 22. Rf3 Nxg4 23. hxg4 Bxc3 24. Rcxc3 Rxe4 25. Rf6 Rd8 26. Rcf3 Rd7 27. R6f4
Rxf4 28. Rxf4 Kg7 29. Re4 Kf6 30. a5 Re7 31. Rxe7 Kxe7 32. Kg1 Kf6 33. Kf2 Ke5
34. Ke3 f6 35. Kd3 Kf4 36. b4 b6 37. Kc3 Kxg4 38. bxc5 bxc5 39. Kb3 a6 0-1

[Event "Outaouais-ch"]
[Site "Gatineau CAN"]
[Date "2021.09.29"]
[Round "4"]
[White "Arsenault, Michel"]
[Black "Azar, Sebastien"]
[Result "0-1"]
[WhiteElo "1881"]
[BlackElo "2263"]
[PlyCount "128"]
[EventDate "2021.09.08"]
[EventType "tourn"]
[EventRounds "7"]
[EventCountry "CAN"]

1. c4 c6 2. b3 d5 3. Bb2 Bg4 4. g3 e6 5. Bg2 Nd7 6. Nf3 Ngf6 7. d3 Bb4+ 8. Nbd2
O-O 9. O-O Re8 10. a3 Bf8 11. e4 dxe4 12. dxe4 Nc5 13. Qc2 Qd3 14. Qxd3 Nxd3
15. Bd4 e5 16. Be3 a5 17. h3 Bh5 18. g4 Bg6 19. Nh4 Red8 20. Rfd1 Nd7 21. Nf1
N7c5 22. Nxg6 hxg6 23. Rab1 f6 24. b4 axb4 25. axb4 Na4 26. Rb3 Nxb4 27. Rdb1
c5 28. Ng3 Rd7 29. h4 Rad8 30. g5 Rd1+ 31. Kh2 Rxb1 32. Rxb1 Nc3 33. Rh1 Nd1
34. Bh3 Kf7 35. h5 Nxe3 36. hxg6+ Kxg6 37. fxe3 Rd2+ 38. Kg1 Kxg5 39. Bf5 g6
40. Rh8 gxf5 41. Rg8+ Kh6 42. Nxf5+ Kh7 43. Rxf8 Rc2 44. Rxf6 Rxc4 45. Rf7+ Kg6
46. Rxb7 Rc2 47. Rb8 Nd3 48. Rg8+ Kf7 49. Rc8 Nf2 50. Rc7+ Kf6 51. Rc6+ Kg5 52.
Nd6 Kg4 53. Nf7 Kg3 54. Rg6+ Ng4 55. Rxg4+ Kxg4 56. Nxe5+ Kg3 57. Kf1 c4 58.
Ke1 c3 59. Kd1 Rd2+ 60. Kc1 Kf2 61. Nc4 Ke2 62. e5 Ra2 63. e6 c2 64. Nb2 Rxb2
0-1

[Event "Outaouais-ch"]
[Site "Gatineau CAN"]
[Date "2021.09.29"]
[Round "4"]
[White "Desjardins, Michel"]
[Black "Latreille, Etienne"]
[Result "0-1"]
[WhiteElo "1918"]
[BlackElo "2187"]
[PlyCount "130"]
[EventDate "2021.09.08"]
[EventType "tourn"]
[EventRounds "7"]
[EventCountry "CAN"]

1. c4 c6 2. g3 Nf6 3. Bg2 d5 4. Nf3 dxc4 5. O-O Nbd7 6. Na3 Nb6 7. Qc2 g6 8.
Nxc4 Bg7 9. d3 O-O 10. Re1 Nfd7 11. Rb1 e5 12. Bg5 Qc7 13. b4 Re8 14. Na5 Nd5
15. Bd2 a6 16. Ng5 Qd8 17. Ne4 Nf8 18. Nc5 Re7 19. a3 Rc7 20. Nc4 Be6 21. Rec1
Qe7 22. Ne3 Rac8 23. Na4 Qd8 24. Nc5 Qe7 25. Na4 Nd7 26. Qd1 N7b6 27. Nc5 Nxe3
28. Bxe3 Nd5 29. Bd2 Rd8 30. Nb3 Qe8 31. Nc5 Re7 32. Bg5 f6 33. Bd2 Bc8 34. Ne4
Kh8 35. Nc3 Nc7 36. Be3 Qf7 37. Bc5 Ree8 38. Ne4 Bf8 39. Bb6 Rd7 40. Qb3 Ne6
41. Bh3 Rd5 42. Bg2 Rd7 43. Qb2 Bg7 44. Nc5 Nxc5 45. Bxc5 f5 46. Qc2 Qf6 47.
Qb2 Rf7 48. Rd1 Be6 49. Bb6 Bd5 50. Bxd5 cxd5 51. Be3 d4 52. Bd2 e4 53. Rdc1 h6
54. b5 exd3 55. exd3 Rfe7 56. Re1 Rxe1+ 57. Rxe1 Rxe1+ 58. Bxe1 Qe5 59. Qc1
Qxb5 60. Qc8+ Kh7 61. Bb4 Qxd3 62. Bf8 Qb1+ 63. Kg2 Qe4+ 64. Kg1 Qe5 65. Qxb7
Qe1+ 0-1

[Event "Outaouais-ch"]
[Site "Gatineau CAN"]
[Date "2021.09.29"]
[Round "4"]
[White "Dupont-Mageau, Nicolas"]
[Black "Masse-Garneau, Anthony"]
[Result "1-0"]
[WhiteElo "1975"]
[BlackElo "1903"]
[PlyCount "37"]
[EventDate "2021.09.08"]
[EventType "tourn"]
[EventRounds "7"]
[EventCountry "CAN"]

1. e4 e6 2. d4 b6 3. Nd2 Bb7 4. Ngf3 c5 5. c3 Ne7 6. Bd3 Ng6 7. e5 Nf4 8. Be4
Nxg2+ 9. Kf1 Bxe4 10. Nxe4 Nh4 11. Bg5 Be7 12. Nd6+ Kf8 13. Bxh4 Bxh4 14. Nxh4
Qxh4 15. Qf3 Ke7 16. Qxa8 Nc6 17. Qxh8 Qh3+ 18. Ke1 Qg2 19. Qe8# 1-0

[Event "Outaouais-ch"]
[Site "Gatineau CAN"]
[Date "2021.09.29"]
[Round "4"]
[White "Medeiros, Joshua"]
[Black "Fang, Zhou"]
[Result "1-0"]
[WhiteElo "1884"]
[BlackElo "2121"]
[PlyCount "63"]
[EventDate "2021.09.08"]
[EventType "tourn"]
[EventRounds "7"]
[EventCountry "CAN"]

1. e4 c5 2. Nf3 Nc6 3. d4 cxd4 4. Nxd4 Nf6 5. Nc3 e5 6. Ndb5 d6 7. Bg5 a6 8.
Na3 b5 9. Nd5 Be7 10. Bxf6 Bxf6 11. c3 O-O 12. Nc2 Be7 13. h4 f5 14. h5 Bg5 15.
Nce3 fxe4 16. h6 Bxh6 17. Rxh6 gxh6 18. Qc2 Qh4 19. g3 Qh2 20. O-O-O Qxf2 21.
Qxe4 Bf5 22. Qh1 Bg6 23. Qxh6 b4 24. Bc4 Kh8 25. Rf1 bxc3 26. Rxf2 Rxf2 27.
bxc3 Rb8 28. Bb3 Na5 29. Ne7 Bd3 30. Qxd6 Nxb3+ 31. axb3 Rxb3 32. Qxe5+ 1-0

[Event "Outaouais-ch"]
[Site "Gatineau CAN"]
[Date "2021.10.06"]
[Round "5"]
[White "Azar, Sebastien"]
[Black "Desjardins, Michel"]
[Result "1-0"]
[WhiteElo "2263"]
[BlackElo "1918"]
[PlyCount "97"]
[EventDate "2021.09.08"]
[EventType "tourn"]
[EventRounds "7"]
[EventCountry "CAN"]

1. e4 g6 2. d4 Bg7 3. Bc4 {B06 Modern Defense: Bishop Attack} c5 4. c3 Nc6 5.
dxc5 Nf6 6. f3 b6 7. Be3 bxc5 8. Bxc5 Qc7 9. Be3 Ne5 10. Be2 Nc4 11. Bxc4 Qxc4
12. Nd2 Qb5 13. Qb3 Qa6 14. Ne2 O-O 15. a4 e5 16. c4 Qe6 17. Qc2 Ba6 18. b4
Rfc8 19. b5 Bb7 20. Qb3 Bf8 21. O-O Bc5 22. Bxc5 Rxc5 23. Rfc1 Rac8 24. Rc3 Ne8
25. Rac1 Nd6 26. R1c2 f5 27. Ng3 Kh8 28. Kf1 Qf6 29. Kg1 Qe6 30. Qb4 h6 31. Rd3
h5 32. Nb3 Rxc4 33. Rxc4 Nxc4 34. a5 d6 35. a6 Ba8 36. h4 d5 37. exd5 Bxd5 38.
Nd2 Nb6 39. Rc3 Qd7 40. f4 Be6 41. fxe5 Nd5 42. Rxc8+ Qxc8 43. Qd6 Qc1+ 44.
Ngf1 Nf4 45. Qf8+ Kh7 46. Nf3 Ne2+ 47. Kf2 Bg8 48. Ng5+ Kh8 49. Qf6# {
White wins by checkmate.} 1-0

[Event "Outaouais-ch"]
[Site "Gatineau CAN"]
[Date "2021.10.06"]
[Round "5"]
[White "Fang, Zhou"]
[Black "Dupont-Mageau, Nicolas"]
[Result "1-0"]
[WhiteElo "2121"]
[BlackElo "1975"]
[PlyCount "33"]
[EventDate "2021.09.08"]
[EventType "tourn"]
[EventRounds "7"]
[EventCountry "CAN"]

1. e4 c6 2. d4 d5 3. e5 c5 4. Nf3 Nc6 5. dxc5 e6 6. c3 Bxc5 7. Bd3 f6 8. b4 Bb6
9. b5 Nxe5 10. Nxe5 fxe5 11. Qh5+ g6 12. Bxg6+ Kf8 13. Ba3+ Kg7 14. Be8 Bxf2+
15. Kd1 Bh4 16. Bf8+ Kxf8 17. Qf7# 1-0